Les acteurs sportifs et actrices sportives - Statistiques

Statistiques générales
  • Ce quiz a été pris 90 fois
    55 depuis la dernière actualisation
  • Le résultat moyen est 6 sur 16
Statistiques - réponses
Par images Hint Réponse % Correct
Lutte/catch Lino Ventura
87%
Natation Laure Manaudou
83%
Football Éric Cantona
78%
Arts martiaux Chuck Norris
63%
Natation / water-polo Bud Spencer
59%
Natation / water-polo Johnny Weissmuller
50%
Volley-ball Michel Constantin
43%
Cyclisme André Pousse
33%
Voile Olivier de Kersauson de Pennendreff
30%
Catch Robert Duranton
13%
Water-polo Nanni Moretti
11%
Bobsleigh / courses automobiles Claude Brasseur
9%
Natation Buster Crabbe
4%
Tennis Vijay Amritraj
2%
Football américain Woody Strode
2%
Tennis Vincent Van Patten
0%
Aucun quiz correspondant
Distribution des résultats
% des personnes avec chaque résultat
Percentile par nombre de réponses
Votre historique - résultats
Vous n’avez pas pris ce quiz depuis la dernière actualisation